<?xml version="1.0" encoding="UTF-8"?>
<record
    xmlns:xsi="http://www.w3.org/2001/XMLSchema-instance"
    xsi:schemaLocation="http://www.loc.gov/MARC21/slim http://www.loc.gov/standards/marcxml/schema/MARC21slim.xsd"
    xmlns="http://www.loc.gov/MARC21/slim">

  <leader>00701nam a22002057a 4500</leader>
  <datafield tag="999" ind1=" " ind2=" ">
    <subfield code="c">59823</subfield>
    <subfield code="d">59823</subfield>
  </datafield>
  <controlfield tag="005">20230425112346.0</controlfield>
  <controlfield tag="008">230425s2021    ge ||||| |||| 00| 0 geo d</controlfield>
  <datafield tag="020" ind1=" " ind2=" ">
    <subfield code="a">9781683732792</subfield>
  </datafield>
  <datafield tag="041" ind1=" " ind2=" ">
    <subfield code="a">eng</subfield>
  </datafield>
  <datafield tag="080" ind1=" " ind2=" ">
    <subfield code="a">159.922 R-56</subfield>
  </datafield>
  <datafield tag="100" ind1=" " ind2=" ">
    <subfield code="a">Riggenbach, Jeff</subfield>
    <subfield code="9">17770</subfield>
  </datafield>
  <datafield tag="245" ind1=" " ind2=" ">
    <subfield code="a">The CBT Toolbox :</subfield>
    <subfield code="b">a workbook for clients clinicians and Coaches. 185 Tools to Manage Anxiety, Depression, Anger, Behaviors and Stress /</subfield>
    <subfield code="c">Jeff Riggenbach.</subfield>
  </datafield>
  <datafield tag="264" ind1=" " ind2=" ">
    <subfield code="a">Eau Claire :</subfield>
    <subfield code="b">Pesi Publishing,</subfield>
    <subfield code="c">2021.</subfield>
  </datafield>
  <datafield tag="300" ind1=" " ind2=" ">
    <subfield code="a">357 p. ;</subfield>
    <subfield code="b">28 cm.</subfield>
  </datafield>
  <datafield tag="440" ind1=" " ind2=" ">
    <subfield code="a">cognitive Behavioral Therapy</subfield>
    <subfield code="9">17771</subfield>
  </datafield>
  <datafield tag="653" ind1=" " ind2=" ">
    <subfield code="a">&#x10D3;&#x10D4;&#x10DE;&#x10E0;&#x10D4;&#x10E1;&#x10D8;&#x10D0;</subfield>
  </datafield>
  <datafield tag="653" ind1=" " ind2=" ">
    <subfield code="a">&#x10E8;&#x10E4;&#x10DD;&#x10D7;&#x10D5;&#x10D0;</subfield>
  </datafield>
  <datafield tag="653" ind1=" " ind2=" ">
    <subfield code="a">&#x10E1;&#x10E2;&#x10E0;&#x10D4;&#x10E1;&#x10D8;</subfield>
  </datafield>
  <datafield tag="942" ind1=" " ind2=" ">
    <subfield code="2">udc</subfield>
    <subfield code="c">BK</subfield>
  </datafield>
  <datafield tag="952" ind1=" " ind2=" ">
    <subfield code="0">0</subfield>
    <subfield code="1">0</subfield>
    <subfield code="2">udc</subfield>
    <subfield code="4">0</subfield>
    <subfield code="6">159922_R56</subfield>
    <subfield code="7">0</subfield>
    <subfield code="9">94521</subfield>
    <subfield code="a">CPL</subfield>
    <subfield code="b">CPL</subfield>
    <subfield code="c">GEN</subfield>
    <subfield code="d">2023-04-25</subfield>
    <subfield code="g">342.00</subfield>
    <subfield code="o">159.922 R-56</subfield>
    <subfield code="p">29406</subfield>
    <subfield code="r">2023-04-25</subfield>
    <subfield code="t">29406</subfield>
    <subfield code="w">2023-04-25</subfield>
    <subfield code="y">BK</subfield>
    <subfield code="z">342 &#x10DA;.</subfield>
  </datafield>
</record>
